000 00854nam a22002532 4500
001 3546
003 BD-RjUL
005 20211208233741.0
008 131219s1951 xx 001 0 eng c
035 _aOCLC ocm00752536 from D970714M
_a(BD-RjUL)3580
040 _aRIU
_cRIU
_dUKM
_dEQO
_dBD-RjUL
_beng
041 _aeng
082 _a347.6
_bBEV 1951
100 1 _aBenz, Norman.
_911188
245 1 0 _aValuation of reversions and life interests /
_cby Norman Benz and H. J. Tappenden.
260 _aCambridge :
_bPublished for the Institute of Actuaries and the Faculty of Actuaries at the University Press,
_c1951.
300 _a102p. :
_billus. ;
_c22cm.
504 _aIncludes Index.
650 0 _aReversion
_zGreat Britain.
_911189
650 0 _aEstates (Law)
_zGreat Britain.
_911190
942 _2ddc
_cBK
999 _c3546
_d3546